Score 0/41 Timer 10:00
0 Plays Today
Number Player % Correct
No.9Mark Viduka
88.5%
No.1Nigel Martyn
85.5%
No.10Harry Kewell
82.2%
No.3Ian Harte
82%
No.1Paul Robinson
80.8%
No.2Gary Kelly
77.9%
No.5Lucas Radebe
68.9%
No.11Lee Bowyer
68.1%
No.1John Lukic
63.6%
No.11Gary Speed
61.7%
No.7Gordon Strachan
59.4%
No.9Jimmy Floyd Hasselbaink
58.6%
No.6Jonathan Woodgate
58.5%
No.10Gary McAllister
57.8%
No.2Luke Ayling
56.9%
No.3Tony Dorigo
49.3%
No.4Oliver Dacourt
49.2%
No.8Rod Wallace
48.2%
No.1Illan Meslier
46.5%
No.8Michael Bridges
45%
No.5Robin Koch
39.2%
Number Player % Correct
No.9Brian Deane
36.7%
No.10Brian Deane
36.7%
No.6David Wetherall
31.9%
No.4David White
30.6%
No.7Lee Sharpe
30%
No.2Mel Sterland
26.9%
No.4Alf-Inge Haaland
26.5%
No.3Barry Douglas
25.2%
No.5Chris Fairclough
24.3%
No.9Ian Rush
23.6%
No.4Carlton Palmer
22.4%
No.7Phil Masinga
16.4%
No.6David O'Leary
11.7%
No.11Jermaine Pennant
11.2%
No.3David Robertson
10.6%
No.10Bruno Ribeiro
8.2%
No.8Clyde Wijnhard
6.4%
No.7Willem Korsten
4.3%
No.6Zoumana Camara
4.2%
No.11Raul Bravo
3.7%
Remove Ads.
Support Sporcle.
Get the best of Sporcle when you Go Orange. This ad-free experience offers more features, more stats, and more fun while also helping to support Sporcle. Thank you for becoming a member.

You're not logged in!

Compare scores with friends on all Sporcle quizzes.
OR
Log In

Show Comments

Extras

Top Quizzes Today


Score Distribution

Your Account Isn't Verified!

In order to create a playlist on Sporcle, you need to verify the email address you used during registration. Go to your Sporcle Settings to finish the process.

Report this User

Report this user for behavior that violates our Community Guidelines.

Details: